Testing Incentives for Illegal Employment: Implicit VS Trade Union Bargaining (Record no. 3755)

MARC details
000 -LEADER
fixed length control field 00533nam a22001937i 4500
001 - CONTROL NUMBER
control field 3816
003 - CONTROL NUMBER IDENTIFIER
control field OSt
005 - DATE AND TIME OF LATEST TRANSACTION
control field 20170126082323.0
007 - PHYSICAL DESCRIPTION FIXED FIELD--GENERAL INFORMATION
fixed length control field tu
008 - FIXED-LENGTH DATA ELEMENTS--GENERAL INFORMATION
fixed length control field 161220s1998 xxu||||| |||| 00| 0 d
024 7# - OTHER STANDARD IDENTIFIER
Standard number or code 3815
Source of number or code RID
040 ## - CATALOGING SOURCE
Transcribing agency OSt
084 ## - OTHER CLASSIFICATION NUMBER
Classification number 19.22
-- 8.24
Number source z
100 1# - MAIN ENTRY--PERSONAL NAME
Personal name Haupt, Stefan
245 00 - TITLE STATEMENT
Title Testing Incentives for Illegal Employment: Implicit VS Trade Union Bargaining
260 ## - PUBLICATION, DISTRIBUTION, ETC.
Place of publication, distribution, etc. Hamburg :
Name of publisher, distributor, etc. HWWA-Institut für Wirtschaftsforschung,Hamburg,
Date of publication, distribution, etc. 1998.
300 ## - PHYSICAL DESCRIPTION
Extent 34 S. ;
Dimensions 30cm.
490 ## - SERIES STATEMENT
Series statement HWWA-Diskussionspapier
Volume/sequential designation 51
942 ## - ADDED ENTRY ELEMENTS (KOHA)
Koha item type Book
Holdings
Withdrawn status Lost status Damaged status Not for loan Home library Current library Shelving location Date acquired Inventory number Total Checkouts Full call number Barcode Date last seen Price effective from Koha item type
        WIIW WIIW Library 03/26/1998 3816   II-6.122/51 303814 01/26/2017 01/26/2017 Book
The Vienna Instiute for International Economic Studies (wiiw)